000 00332nam a2200145Ia 4500
008 230312s9999||||xx |||||||||||||| ||und||
020 _a1-59059-575-0
082 _a004.682
_bHIL-M
100 _aSterne;Jim
245 0 _aWeb Metrics
260 _bApress
_aUSA
_c2006
300 _a392
650 _aComputer
_vComputer
942 _cBK
999 _c15316
_d15316